Online
Catalog

La dirección de empresas en el proceso de comercialización / (Record no. 24246)

MARC details
000 -CABECERA
campo de control de longitud fija 00905nam a2200217 a 4500
001 - NÚMERO DE CONTROL
campo de control 000024753
005 - FECHA Y HORA DE LA ÚLTIMA TRANSACCIÓN
campo de control 20200930023340.0
008 - DATOS DE LONGITUD FIJA--INFORMACIÓN GENERAL
campo de control de longitud fija 110203s1973 ag d r 000 0 spa d
040 ## - FUENTE DE LA CATALOGACIÓN
Centro catalogador/agencia de origen DO-SdBNP
Lengua de catalogación spa
Centro/agencia transcriptor BNPHU
041 17 - CÓDIGO DE LENGUA
Código de lengua del texto/banda sonora o título independiente spa
Código de lengua original eng
Fuente del código Código de idiomas MARC
082 ## - NÚMERO DE LA CLASIFICACIÓN DECIMAL DEWEY
Número de clasificación nn*
Número de documento/Ítem nn*
049 ## - FONDOS LOCALES (OCLC)
Fondos de biblioteca BNGR
100 1# - ENTRADA PRINCIPAL--NOMBRE DE PERSONA
Nombre de persona Pearce, Esmond.
9 (RLIN) 50787
240 14 - TÍTULO UNIFORME
Título uniforme Marketing ang higher management.
Lenguaje de la obra Español
245 13 - MENCIÓN DE TÍTULO
Título La dirección de empresas en el proceso de comercialización /
Mención de responsabilidad, etc. Esmond Pearce ; traducción de Eduardo Goligorsky.
260 ## - PUBLICACIÓN, DISTRIBUCIÓN, ETC.
Lugar de publicación, distribución, etc. Buenos Aires :
Nombre del editor, distribuidor, etc. Contabilidad Moderna ;
-- Centro Regional de Ayuda Técnica, Agencia para el Desarrollo Internacional,
Fecha de publicación, distribución, etc. 1973.
300 ## - DESCRIPCIÓN FÍSICA
Extensión 264 p. :
Otras características físicas grafs. ;
Dimensiones 23 cm.
534 ## - NOTA SOBRE LA VERSIÓN ORIGINAL
Encabezamiento principal del original Título original :
Mención de título del original Marketing ang higher management
500 ## - NOTA GENERAL
Nota general Incluye referencias bibliográficas y notas al pie de las páginas.
700 1# - PUNTO DE ACCESO ADICIONAL--NOMBRE DE PERSONA
Nombre de persona Goligorsky, Eduardo,
Término indicativo de función/relación tr.
9 (RLIN) 10661
Holdings
Estado de retiro Estado de pérdida Restricciones de uso No para préstamo Código de colección Localización permanente Ubicación/localización actual Ubicación en estantería Fecha de adquisición Número de inventario Total de préstamos Signatura topográfica completa Código de barras Fecha visto por última vez Precio válido a partir de Tipo de ítem Koha Número de copia
        Monografías: Libros y Folletos General General En catalogación 03.02.2011 LF1   nn* nn* 24753-10 25.06.2020 25.06.2020 Préstamo en sala  
      Préstamo restrigido Monografías: Libros y Folletos General General En catalogación 03.02.2011 LF1   nn* nn* 24753-20 25.06.2020 25.06.2020 Préstamo en sala e. 2

Powered by Koha